Long Island Trivia - Statistics

General Stats
  • This quiz has been taken 163 times
  • The average score is 12 of 20
Answer Stats
Hint Answer % Correct
Two New York City boroughs on Long Island (name either) Brooklyn | Queens
99%
Easternmost point of Long Island Montauk
88%
State you would reach if you sailed north across the Long Island Sound Connecticut
87%
Long Island counties east of NYC Nassau
86%
Long Island counties east of NYC Suffolk
84%
South Fork, a popular destination for rich summer tourists, commonly goesby this name The Hamptons
80%
Largest shopping mall of Long Island—11th largest in the US {Roosevelt} Field
77%
Fitzgerald novel that takes place there The Great Gatsby
67%
Busiest airport of Long Island (besides JFK and LaGuardia) Long Island {MacArthur}
57%
First mass produced suburb of the U.S. Levittown
55%
What are Brighton, Rockaway, and Coopers? Beaches
54%
The North Shore is almost synonymous with this region that boasts historicmansions like the Phipps and Woolworth estates {Gold} Coast
54%
Most populous of the 13 major townships on Long Island Hempstead
48%
Township were Theodore Roosevelt is buried Oyster Bay
46%
Pilot who began his transatlantic flight from the above in 1927, as it was thesite of an airport Charles Lindbergh
45%
Name one of the two islands in the Americas with more people than Long Island Hispaniola | Cuba
43%
"Poet of Democracy" born in Huntington Walt Whitman
42%
City planner who created Jones Beach State Park Robert Moses
41%
Neighborhood of the 1974 DeFeo murders Amityville
38%
Second most populous township Brookhaven
28%
No matching quizzes found
Score Distribution
Percent of People with Each Score
Percentile by Number Answered
Your Score History
You have not taken this quiz